00763nam a2200181Ia 4500008004100000020001800041041000800059082001700067100001300084245015500097260001600252300000800268365001600276700001300292906005900305999001900364952019800383230718s9999 xx 000 0 und d a9781783553532 aeng a005.678bWAH aWaher P. aLearning Internet Of ThingsbExplore And Learn About Internet Of Things With The Help Of Engaging And Enlightening Tutorials Designed For Raspberry Pi c2015bPackt a221 cRs.b799.00 aWaher P. dO:0611614-Sep-2018B:TI/20180026129-Aug-2018cTITb2397 c348475d348475 00104070aCCEPbCCEPd2018-09-14eGIST - Global Information Systems TechnologyfTITg559.30iTI/201800261l0o005.678pCCEP-BK-59682r2023-07-18 00:00:00t2397v799.00w2018-08-29yBKz059682